| 000 -LEADER |
| fixed length control field |
00879nam a2200193 i 4500 |
| 040 ## - CATALOGING SOURCE |
| Transcribing agency |
GPO |
| 082 ## - DEWEY DECIMAL CLASSIFICATION NUMBER |
| Classification number |
333 WHO 2017 A042 Or. |
| 110 1# - MAIN ENTRY--CORPORATE NAME |
| Corporate name or jurisdiction name as entry element |
United States. |
| 245 10 - TITLE STATEMENT |
| Title |
Agriculture's role in combating global hunger : GLOBAL NUTRITION POLICY REVIEW 2016-2017 |
| Remainder of title |
hearing before the Committee on Agriculture, Nutrition, and Forestry, United States Senate, One Hundred Fourteenth Congress, first session, December 2, 2015. |
| 300 ## - PHYSICAL DESCRIPTION |
| Number of Pages |
1 online resource (iii, 122 pages) : |
| Other physical details |
illustrations. |
| 490 1# - SERIES STATEMENT |
| Series statement |
S. hrg. ; |
| 500 ## - GENERAL NOTE |
| General note |
Title from title screen (viewed on May 20, 2016). |
| 500 ## - GENERAL NOTE |
| General note |
Paper version available for sale by the Superintendent of Documents, U.S. Government Publishing Office. |
| 650 #0 - SUBJECT ADDED ENTRY--TOPICAL TERM |
| Topical Term |
Food relief, American |
| 650 #0 - SUBJECT ADDED ENTRY--TOPICAL TERM |
| Topical Term |
Agricultural assistance, American |
| 650 #0 - SUBJECT ADDED ENTRY--TOPICAL TERM |
| Topical Term |
Food security |
| 856 40 - ELECTRONIC LOCATION AND ACCESS |
| Uniform Resource Identifier |
http://purl.fdlp.gov/GPO/gpo68341 |
| 942 ## - ADDED ENTRY ELEMENTS (KOHA) |
| Koha item type |
ADB |
| 952 ## - LOCATION AND ITEM INFORMATION (KOHA) |
| Withdrawn status [LOCAL, KOHA] |
0 |